[Event "SRB-chT3 North CS"]
[Site "Serbia"]
[Date "2017.10.12"]
[Round "6.6"]
[White "Bajevic, Branko"]
[Black "Tomanovic, Nikola"]
[Result "0-1"]
[WhiteElo "2103"]
[BlackElo "2247"]
[PlyCount "58"]
[EventDate "2017.09.03"]
[EventType "team-tourn"]
[EventRounds "11"]
[EventCountry "SRB"]
[SourceTitle "EXT 2021"]
[Source "ChessBase"]
[SourceDate "2020.10.23"]
[SourceVersion "1"]
[SourceVersionDate "2020.10.23"]
[SourceQuality "1"]

1. c4 f5 2. Nc3 Nf6 3. d4 g6 4. g3 Bg7 5. Bg2 d6 6. Nf3 0-0 7. 0-0 Nc6 8. Bg5 Ne4 9. Be3 Nxc3 10. bxc3 h6 11. Nd2 e5 12. Nb3 f4 13. Bc1 Qf6 14. d5 Nd8 15. Nd2 b6 16. Ne4 Qf7 17. a4 a5 18. Bf3 Bh3 19. Bg2 Bd7 20. Bf3 Bh3 21. Bg2 Bf5 22. h3 Nb7 23. Kh2 Nc5 24. Nxc5 bxc5 25. g4 Bd7 26. Be4 Bf6 27. Bd2 Kg7 28. Kg2 Rg8 29. Rb1 Qe8 0-1

[Event "SRB-chT2 West"]
[Site "Sabac"]
[Date "2014.09.26"]
[Round "2.3"]
[White "Ignjatovic, Predrag"]
[Black "Bajevic, Branko"]
[Result "1/2-1/2"]
[WhiteElo "2286"]
[BlackElo "2147"]
[PlyCount "34"]
[EventDate "2014.09.25"]
[EventType "team-swiss"]
[EventRounds "6"]
[EventCountry "SRB"]
[SourceTitle "EXT 2015"]
[Source "ChessBase"]
[SourceDate "2014.11.20"]
[SourceVersion "1"]
[SourceVersionDate "2014.11.20"]
[SourceQuality "1"]

1. e4 c6 2. d4 d5 3. Nd2 dxe4 4. Nxe4 Nd7 5. Nf3 Ngf6 6. Ng3 e6 7. Bd3 Be7 8. Qe2 c5 9. Bd2 0-0 10. c3 Qc7 11. 0-0 b6 12. Ne5 Bb7 13. Rad1 Rac8 14. Rfe1 cxd4 15. cxd4 Qd6 16. a3 a5 17. Kf1 Qxd4 1/2-1/2

[Event "SRB-chT3 North CS"]
[Site "Serbia"]
[Date "2012.09.21"]
[Round "1.3"]
[White "Bajevic, Branko"]
[Black "Jovanovic, Zeljko"]
[Result "0-1"]
[WhiteElo "2146"]
[BlackElo "2135"]
[PlyCount "80"]
[EventDate "2012.09.21"]
[EventType "team"]
[EventRounds "10"]
[EventCountry "SRB"]
[SourceTitle "EXT 2015"]
[Source "ChessBase"]
[SourceDate "2014.11.20"]
[SourceVersion "1"]
[SourceVersionDate "2014.11.20"]
[SourceQuality "1"]

1. c4 g6 2. d4 Bg7 3. e4 d6 4. Nc3 Nf6 5. f3 0-0 6. Be3 Nbd7 7. Qd2 e5 8. Nge2 Re8 9. d5 b6 10. g4 Nc5 11. b4 Nb7 12. Rb1 a5 13. a3 axb4 14. axb4 Bd7 15. Nc1 Ra3 16. Be2 Qa8 17. 0-0 h5 18. h3 Qd8 19. Nd3 Nh7 20. c5 dxc5 21. bxc5 Nxc5 22. Nxc5 bxc5 23. Bxc5 Qh4 24. Kg2 hxg4 25. fxg4 Bh6 26. Qb2 Ng5 27. Rh1 Rxc3 28. Qxc3 Nxe4 29. Qa3 Bf4 30. Rb3 Kg7 31. Bg1 c6 32. Qa7 Re7 33. Bc5 cxd5 34. Bxe7 Qxe7 35. h4 d4 36. Rb7 Nc5 37. Rc7 Bc6+ 38. Bf3 Bxf3+ 39. Kxf3 e4+ 40. Ke2 Bxc7 0-1

[Event "SRB-chT3 Liga Nord CS"]
[Site "Serbia"]
[Date "2011.09.25"]
[Round "3"]
[White "Bajevic, Branko"]
[Black "Ninkovic, Vladan"]
[Result "1-0"]
[WhiteElo "2161"]
[BlackElo "2177"]
[PlyCount "77"]
[EventDate "2011.09.11"]
[EventType "team"]
[EventRounds "11"]
[EventCountry "SRB"]
[SourceTitle "EXT 2015"]
[Source "ChessBase"]
[SourceDate "2014.11.20"]
[SourceVersion "1"]
[SourceVersionDate "2014.11.20"]
[SourceQuality "1"]

1. c4 Nf6 2. Nc3 e6 3. e4 d6 4. d4 c6 5. Nf3 Qc7 6. Be2 e5 7. h3 Nbd7 8. 0-0 Be7 9. b3 0-0 10. Bb2 Re8 11. Qc2 a6 12. a4 Nf8 13. Rfe1 Ng6 14. Bf1 h6 15. g3 h5 16. Ne2 h4 17. g4 Nh7 18. Bc1 Bd7 19. a5 Qc8 20. Bg2 Qd8 21. Be3 Bg5 22. Nxg5 Nxg5 23. Qd2 f6 24. f4 exf4 25. Nxf4 Nxf4 26. Bxf4 Nf7 27. Qf2 g5 28. Bd2 Qe7 29. Bc3 Rf8 30. Rf1 Kg7 31. Rae1 Rae8 32. Re3 Nh6 33. Qf3 Kg8 34. d5 f5 35. gxf5 Bxf5 36. Qh5 Kh7 37. Ree1 Bg6 38. Qd1 cxd5 39. cxd5 1-0

[Event "SRB-chT3 Liga Nord CS"]
[Site "Serbia"]
[Date "2011.09.18"]
[Round "2"]
[White "Mladenovic, Sasa D"]
[Black "Bajevic, Branko"]
[Result "1/2-1/2"]
[WhiteElo "2162"]
[BlackElo "2161"]
[PlyCount "45"]
[EventDate "2011.09.11"]
[EventType "team"]
[EventRounds "11"]
[EventCountry "SRB"]
[SourceTitle "EXT 2015"]
[Source "ChessBase"]
[SourceDate "2014.11.20"]
[SourceVersion "1"]
[SourceVersionDate "2014.11.20"]
[SourceQuality "1"]

1. d4 Nf6 2. c4 c5 3. d5 e6 4. Nc3 exd5 5. cxd5 d6 6. e4 g6 7. f4 Bg7 8. Bb5+ Nfd7 9. Bd3 0-0 10. Nf3 Re8 11. 0-0 a6 12. a4 Nf6 13. h3 Nbd7 14. Re1 Qc7 15. Be3 Rb8 16. Qd2 c4 17. Bc2 b5 18. axb5 axb5 19. Ra7 Qd8 20. Bd4 b4 21. Na4 Nf8 22. Kh1 Bd7 23. Kh2 1/2-1/2

[Event "SRB-chT3 Liga Nord CS"]
[Site "Serbia"]
[Date "2011.09.11"]
[Round "1.12"]
[White "Bajevic, Branko"]
[Black "Rikalovic, Dimitrije"]
[Result "0-1"]
[WhiteElo "2161"]
[BlackElo "1932"]
[PlyCount "86"]
[EventDate "2011.09.11"]
[EventType "team"]
[EventRounds "11"]
[EventCountry "SRB"]
[SourceTitle "EXT 2015"]
[Source "ChessBase"]
[SourceDate "2014.11.20"]
[SourceVersion "1"]
[SourceVersionDate "2014.11.20"]
[SourceQuality "1"]

1. c4 Nf6 2. Nc3 g6 3. e4 d6 4. d4 Bg7 5. f3 0-0 6. Be3 Nc6 7. Nge2 e5 8. d5 Ne7 9. Qd2 c5 10. g3 a6 11. Rb1 Bd7 12. Nc1 Ne8 13. b4 b6 14. Be2 f5 15. Nd3 Nf6 16. 0-0 Nh5 17. Bg5 Qe8 18. bxc5 bxc5 19. Rb7 Nf6 20. Rfb1 Bc8 21. R7b6 Qd7 22. Bd1 Ra7 23. Nf2 Kh8 24. Kg2 Nfg8 25. Ba4 Qc7 26. Qd3 h6 27. Bd2 Nf6 28. Bd1 Nd7 29. R6b2 Nf6 30. Na4 Bd7 31. Nb6 Be8 32. a4 fxe4 33. fxe4 g5 34. a5 Ng6 35. Be3 Nh7 36. Be2 Nf4+ 37. gxf4 exf4 38. Bd2 h5 39. Bc3 g4 40. Kh1 Bg6 41. Rg1 f3 42. Bd1 Qe7 43. Qe3 Nf6 0-1

[Event "SRB-chT3 North"]
[Site "Kragujevac"]
[Date "2010.09.26"]
[Round "3"]
[White "Stojanovic, Marko"]
[Black "Bajevic, Branko"]
[Result "1-0"]
[WhiteElo "2291"]
[BlackElo "2165"]
[PlyCount "70"]
[EventDate "2010.09.12"]
[EventType "team"]
[EventRounds "11"]
[EventCountry "SRB"]
[SourceTitle "EXT 2012"]
[Source "ChessBase"]
[SourceDate "2011.11.24"]
[SourceVersion "1"]
[SourceVersionDate "2011.11.24"]
[SourceQuality "1"]

1. e4 c6 2. d3 d5 3. Nd2 Nf6 4. Ngf3 Bg4 5. h3 Bxf3 6. Qxf3 e6 7. e5 Nfd7 8. Qg3 c5 9. f4 Nc6 10. c3 f6 11. Nf3 Qc7 12. Qg4 0-0-0 13. Qxe6 fxe5 14. fxe5 Ncxe5 15. Qxd5 Nf6 16. Qe6+ Kb8 17. Qf5 Bd6 18. Be2 Nxf3+ 19. Qxf3 Bg3+ 20. Kd1 Be5 21. Bg5 Qa5 22. a4 Nd5 23. Bxd8 Rxd8 24. Ra3 Bxc3 25. bxc3 Nxc3+ 26. Kc2 Nb5 27. Qf4+ Ka8 28. axb5 Qxa3 29. Qc4 Qa5 30. Bf3 Rd4 31. Qg8+ Rd8 32. Qb3 c4 33. Qxc4 Kb8 34. Kb3 Rc8 35. Qd4 Qc7 1-0

[Event "SRB-chT3 North"]
[Site "Serbia"]
[Date "2008.10.23"]
[Round "6.1"]
[White "Sorgic, Dragan"]
[Black "Bajevic, Branko"]
[Result "1-0"]
[WhiteElo "2244"]
[BlackElo "2170"]
[PlyCount "65"]
[EventDate "2008.09.14"]
[EventType "team"]
[EventRounds "11"]
[EventCountry "SRB"]
[SourceTitle "EXT 2012"]
[Source "ChessBase"]
[SourceDate "2011.11.24"]
[SourceVersion "1"]
[SourceVersionDate "2011.11.24"]
[SourceQuality "1"]

1. c4 e5 2. Nc3 Nf6 3. Nf3 Nc6 4. g3 Be7 5. Bg2 0-0 6. 0-0 d6 7. d4 a6 8. h3 Rb8 9. d5 Na5 10. Qd3 b5 11. cxb5 axb5 12. b4 Nc4 13. a4 e4 14. Nxe4 Bf5 15. Nd4 Bxe4 16. Bxe4 Nxe4 17. Qxe4 Bf6 18. Ra2 Re8 19. Qd3 Qd7 20. Kg2 Ne5 21. Qf5 bxa4 22. Qxd7 Nxd7 23. Nc6 Rb5 24. Rxa4 Nb6 25. Ra5 Rxd5 26. Be3 Rxa5 27. bxa5 Na8 28. Rb1 Kf8 29. a6 h5 30. a7 Bc3 31. Rb8 Ba1 32. Nd8 Bf6 33. Rxa8 1-0

[Event "Belgrade Trophy 20th"]
[Site "Belgrade"]
[Date "2007.11.30"]
[Round "9"]
[White "Bajevic, Branko"]
[Black "Bojanic, Denis"]
[Result "1-0"]
[WhiteElo "2154"]
[BlackElo "1981"]
[PlyCount "45"]
[EventDate "2007.11.22"]
[EventType "swiss"]
[EventRounds "9"]
[EventCountry "YUG"]
[SourceTitle "CBM 121 Extra"]
[Source "ChessBase"]
[SourceDate "2008.01.10"]
[SourceVersion "1"]
[SourceVersionDate "2008.01.10"]
[SourceQuality "1"]

1. c4 e6 2. Nf3 d5 3. g3 Nf6 4. Bg2 Be7 5. 0-0 0-0 6. b3 b6 7. Bb2 Bb7 8. d3 Nbd7 9. Nbd2 c5 10. cxd5 Nxd5 11. a3 Bf6 12. Qc2 Rc8 13. Nc4 Qc7 14. e4 Bxb2 15. Qxb2 N5f6 16. e5 Nd5 17. Nd6 Rcd8 18. Nxb7 Qxb7 19. Nd2 Qb8 20. f4 f6 21. Bxd5 exd5 22. e6 Qb7 23. e7 1-0

[Event "Belgrade Trophy 20th"]
[Site "Belgrade"]
[Date "2007.11.24"]
[Round "3"]
[White "Bajevic, Branko"]
[Black "Ivanovic, Lazar"]
[Result "1-0"]
[WhiteElo "2154"]
[BlackElo "1530"]
[PlyCount "79"]
[EventDate "2007.11.22"]
[EventType "swiss"]
[EventRounds "9"]
[EventCountry "YUG"]
[SourceTitle "CBM 121 Extra"]
[Source "ChessBase"]
[SourceDate "2008.01.10"]
[SourceVersion "1"]
[SourceVersionDate "2008.01.10"]
[SourceQuality "1"]

1. c4 Nf6 2. Nc3 d6 3. d4 Nbd7 4. e4 e5 5. Nge2 Be7 6. f3 0-0 7. Be3 c6 8. Qd2 Qc7 9. d5 a5 10. Nc1 Nc5 11. Nd3 Nfd7 12. Rb1 Nxd3+ 13. Bxd3 Nc5 14. Bc2 f5 15. exf5 Bxf5 16. Bxf5 Rxf5 17. Bxc5 dxc5 18. Ne4 Rd8 19. 0-0 b5 20. Rfd1 cxd5 21. cxd5 Bd6 22. b3 c4 23. bxc4 bxc4 24. Qc2 Bc5+ 25. Kh1 Bd4 26. g4 Rff8 27. Ng5 g6 28. Ne6 Qf7 29. Qe4 c3 30. Rbc1 Qd7 31. Nxd4 exd4 32. Rxd4 Rfe8 33. Qd3 Re5 34. Rd1 Rde8 35. Qxc3 Re3 36. Qc4 Rxf3 37. d6+ Rf7 38. Rf1 Re6 39. Rxf7 Qxf7 40. d7 1-0